00489nam a2200217Ia 450000500170000000800460001702000180006303700100008104000080009104000080009904000080010704100080011504100080012308400080013110000090013924500270014826000310017526000090020665000160021585600400023120260306163631.0008 260114s9999 xx 000 0 eng d a9781474444835 aEBOOK aCRL beng cCRL 2eng aeng qCRL aBush 0aReframing The Alhambra bEdinburgh University Press c2018 aSocial Work uhttps://academic.oup.com/book/33424